| 000 | 00895cam a2200325 i 4500 | ||
|---|---|---|---|
| 001 | 9444 | ||
| 003 | ARRUPE | ||
| 005 | 20150129170556.0 | ||
| 008 | 790928s1978 vaua b 001 0 eng | ||
| 010 | _a 78017230 | ||
| 020 | _a0813907748 | ||
| 035 | _a(OCoLC)4003958 | ||
| 035 | _a(OCoLC)ocm04003958 | ||
| 035 | _a(CStRLIN)NYCG12279242-B | ||
| 035 | _a(NNC)9444 | ||
| 040 | _cDCL | ||
| 050 | 0 |
_aGN502 _b.N43 |
|
| 082 | _a301.2/1 | ||
| 100 | 1 |
_aNeedham, Rodney. _914812 |
|
| 245 | 1 | 0 |
_aPrimordial characters / _cRodney Needham. |
| 260 |
_aCharlottesville : _bUniversity Press of Virginia, _c1978. |
||
| 300 |
_ax, 89 p. : _bill. ; _c24 cm. |
||
| 500 | _aIncludes index. | ||
| 504 | _aBibliography: p. [77]-81. | ||
| 650 | 0 |
_aEthnopsychology. _914813 |
|
| 650 | 0 |
_aImagination. _912978 |
|
| 650 | 0 |
_aSymbolism (Psychology) _914814 |
|
| 942 |
_2lcc _cMONOGRAPH |
||
| 999 |
_c121951 _d121951 |
||